[Event "DSOL 05 Liga Gr-D 1st"]
[Site "Playchess.com INT"]
[Date "2020.07.10"]
[Round "3.1"]
[White "Reinke, Martin"]
[Black "Zgonc, David"]
[Result "0-1"]
[WhiteElo "1834"]
[BlackElo "1539"]
[PlyCount "72"]
[EventDate "2020.06.22"]
[EventType "team-tourn (rapid)"]
[EventCountry "GER"]
[SourceTitle "EXT 2021"]
[Source "ChessBase"]
[SourceDate "2020.10.23"]
[SourceVersion "1"]
[SourceVersionDate "2020.10.23"]
[SourceQuality "1"]
[WhiteTeam "Segeberg SF II"]
[BlackTeam "Verden"]
[WhiteTeamCountry "GER"]
[BlackTeamCountry "GER"]

1. d4 Nf6 2. Nd2 d5 3. Ngf3 e6 4. e3 Bd7 5. Bd3 c5 6. c3 Nc6 7. 0-0 Be7 8. b3 Qc7 9. Bb2 cxd4 10. exd4 0-0 11. Rc1 Qa5 12. Bb1 Bd6 13. Re1 Rac8 14. Ne5 Be8 15. c4 Qd8 16. Qf3 Bb4 17. Re2 dxc4 18. Ne4 cxb3 19. axb3 Nxd4 20. Nxf6+ Qxf6 21. Qe4 Nxe2+ 22. Qxe2 Rxc1+ 23. Bxc1 a5 24. Bb2 Qe7 25. Qg4 f6 26. Nd3 Bg6 27. Nxb4 Bxb1 28. Ba3 axb4 29. Bxb4 Qc7 30. Qxe6+ Kh8 31. g3 Rg8 32. h4 Qc1+ 33. Kh2 Qc6 34. Qe3 Be4 35. h5 Bh1 36. Qe1 Qg2# 0-1

[Event "DSOL 05 Liga Gr-D 1st"]
[Site "Playchess.com INT"]
[Date "2020.06.26"]
[Round "1.1"]
[White "Reinke, Martin"]
[Black "Meier, Silas"]
[Result "0-1"]
[WhiteElo "1834"]
[BlackElo "1920"]
[PlyCount "122"]
[EventDate "2020.06.22"]
[EventType "team-tourn (rapid)"]
[EventCountry "GER"]
[SourceTitle "EXT 2021"]
[Source "ChessBase"]
[SourceDate "2020.10.23"]
[SourceVersion "1"]
[SourceVersionDate "2020.10.23"]
[SourceQuality "1"]
[WhiteTeam "Segeberg SF II"]
[BlackTeam "Paderborn Akademie"]
[WhiteTeamCountry "GER"]
[BlackTeamCountry "GER"]

1. d4 d5 2. Nf3 Nc6 3. e3 Bg4 4. Be2 Nf6 5. 0-0 e6 6. h3 Bh5 7. Nbd2 Bd6 8. c4 0-0 9. a3 a5 10. b3 Re8 11. Bb2 Ne4 12. Nxe4 dxe4 13. Nd2 Bg6 14. Qc2 f5 15. Rfd1 Qg5 16. Nf1 f4 17. c5 f3 18. g3 fxe2 19. Qxe2 Be7 20. Rd2 Qd5 21. Qc4 a4 22. Qxd5 exd5 23. b4 Bf5 24. Kg2 Na7 25. Rc1 Bd7 26. Nh2 Nb5 27. Rdc2 c6 28. Nf1 Bg5 29. Nh2 Re7 30. Rf1 Rf8 31. Rfc1 Be8 32. Rf1 Bh5 33. Bc1 Bf3+ 34. Nxf3 Rxf3 35. Bb2 Ref7 36. Re1 Kf8 37. Bc1 Ke7 38. Bb2 Ke6 39. Ree2 Bd8 40. Bc1 R7f6 41. Bb2 Nc7 42. Bc1 Kd7 43. Bb2 Ne6 44. Bc1 Rh6 45. Rb2 Nc7 46. Rbc2 Rf5 47. Re1 Rg6 48. Bb2 Rf3 49. Kh2 Kc8 50. Bc1 Rgf6 51. Kg2 Kb8 52. Bb2 Ka7 53. Rf1 Ka6 54. Re1 Kb5 55. Bc1 Ne6 56. Rf1 Ng5 57. Bd2 Rh6 58. Rh1 Rxh3 59. Rxh3 Nxh3 60. Kxh3 Rxf2 61. g4 Bg5 0-1

[Event "GER-ch Net Amateur Gr-B Final"]
[Site "Playchess.com INT"]
[Date "2020.04.18"]
[Round "12"]
[White "Friedrich, Karl"]
[Black "Reinke, Martin"]
[Result "1-0"]
[WhiteElo "1770"]
[BlackElo "1728"]
[PlyCount "79"]
[EventDate "2020.04.18"]
[EventType "swiss (blitz)"]
[EventRounds "13"]
[EventCountry "GER"]
[SourceTitle "CBM 195 Extra"]
[Source "ChessBase"]
[SourceDate "2020.05.31"]
[SourceVersion "1"]
[SourceVersionDate "2020.05.31"]
[SourceQuality "1"]

1. Nf3 d5 2. d4 c6 3. c4 Nf6 4. Nc3 e6 5. e3 Be7 6. Qc2 0-0 7. Bd3 h6 8. 0-0 Nbd7 9. e4 dxe4 10. Nxe4 b6 11. Be3 Bb7 12. h3 Re8 13. Ne5 Nf8 14. Rad1 Rc8 15. Nxf6+ Bxf6 16. Qe2 Qe7 17. Qg4 Bg5 18. f4 f5 19. Qh5 Bf6 20. g4 Bxe5 21. fxe5 c5 22. gxf5 exf5 23. Bxf5 Rc7 24. Qg4 Kh8 25. Rf3 cxd4 26. Bxd4 Bxf3 27. Qxf3 Rxc4 28. Bc3 Qc5+ 29. Kh2 Qe7 30. Bd3 Rc7 31. Rf1 Rxc3 32. bxc3 Qxe5+ 33. Kg1 Qc5+ 34. Kh2 Kg8 35. Qf7+ Kh8 36. Qxe8 Qd6+ 37. Kg1 Qxd3 38. Qxf8+ Kh7 39. Qf5+ Qxf5 40. Rxf5 1-0

[Event "GER-ch Net Amateur Gr-B Final"]
[Site "Playchess.com INT"]
[Date "2020.04.18"]
[Round "5"]
[White "Reinke, Martin"]
[Black "Bigalke, Moritz"]
[Result "1-0"]
[WhiteElo "1728"]
[BlackElo "1740"]
[PlyCount "95"]
[EventDate "2020.04.18"]
[EventType "swiss (blitz)"]
[EventRounds "13"]
[EventCountry "GER"]
[SourceTitle "CBM 195 Extra"]
[Source "ChessBase"]
[SourceDate "2020.05.31"]
[SourceVersion "1"]
[SourceVersionDate "2020.05.31"]
[SourceQuality "1"]

1. d4 c6 2. Nd2 g6 3. Ngf3 Bg7 4. e4 d5 5. e5 e6 6. c3 Ne7 7. Bd3 0-0 8. 0-0 Nd7 9. Re1 c5 10. Nf1 f6 11. exf6 Rxf6 12. dxc5 Nxc5 13. Bc2 Rf8 14. Be3 b6 15. Nd4 e5 16. Nb3 Nxb3 17. Bxb3 Be6 18. Bg5 Bf6 19. Bxf6 Rxf6 20. Rxe5 Qd6 21. Re2 Raf8 22. Qe1 Nc6 23. Rd1 Kg7 24. c4 d4 25. c5 bxc5 26. Bxe6 Nb4 27. Bb3 Rf5 28. f3 Rh5 29. Re7+ Kh8 30. Rxa7 d3 31. Qe7 Qxe7 32. Rxe7 Rh4 33. a3 Nc6 34. Re6 Nd4 35. Rxd3 Nxe6 36. Bxe6 Rd4 37. Rc3 Rd2 38. Rxc5 Rxb2 39. a4 Rb1 40. Rb5 Ra1 41. a5 Ra8 42. Kf2 R1xa5 43. Rxa5 Rxa5 44. Ng3 Kg7 45. Ne4 Ra2+ 46. Kg3 h5 47. h4 Kf8 48. Bxa2 1-0

[Event "GER-ch Net Amateur Gr-B Final"]
[Site "Playchess.com INT"]
[Date "2020.04.18"]
[Round "7"]
[White "Reinke, Martin"]
[Black "Jahnz, Laurin"]
[Result "0-1"]
[WhiteElo "1728"]
[BlackElo "1602"]
[PlyCount "78"]
[EventDate "2020.04.18"]
[EventType "swiss (blitz)"]
[EventRounds "13"]
[EventCountry "GER"]
[SourceTitle "CBM 195 Extra"]
[Source "ChessBase"]
[SourceDate "2020.05.31"]
[SourceVersion "1"]
[SourceVersionDate "2020.05.31"]
[SourceQuality "1"]

1. d4 d5 2. Nd2 Bf5 3. Ngf3 e6 4. e3 Nd7 5. c4 Ngf6 6. Be2 Be7 7. 0-0 0-0 8. b3 c6 9. Bb2 Ne4 10. Nxe4 Bxe4 11. Nd2 Bg6 12. Bh5 Bxh5 13. Qxh5 Nf6 14. Qh3 Re8 15. Qf3 h6 16. Rae1 Bb4 17. Re2 Bxd2 18. Rxd2 Ne4 19. Rc2 a5 20. cxd5 exd5 21. Qg4 a4 22. b4 a3 23. Ba1 Qb6 24. Rb1 Ra4 25. f3 Nf6 26. Qf4 Rxb4 27. Rbc1 Rb1 28. h3 Qb4 29. Kh2 Rxc1 30. Rxc1 Qd2 31. Rb1 Rxe3 32. Qb8+ Kh7 33. Qxb7 Qxa2 34. Rg1 Qc4 35. Qxf7 a2 36. h4 Rb3 37. Qe6 Qc2 38. h5 Rb1 39. Rxb1 axb1Q 0-1

[Event "GER-ch Net Amateur Gr-B Final"]
[Site "Playchess.com INT"]
[Date "2020.04.18"]
[Round "6"]
[White "Weiskopf, Philip Michael"]
[Black "Reinke, Martin"]
[Result "0-1"]
[WhiteElo "1638"]
[BlackElo "1728"]
[PlyCount "104"]
[EventDate "2020.04.18"]
[EventType "swiss (blitz)"]
[EventRounds "13"]
[EventCountry "GER"]
[SourceTitle "CBM 195 Extra"]
[Source "ChessBase"]
[SourceDate "2020.05.31"]
[SourceVersion "1"]
[SourceVersionDate "2020.05.31"]
[SourceQuality "1"]

1. d4 d5 2. c4 c6 3. e3 Nf6 4. Nc3 e6 5. Nf3 Nbd7 6. Be2 Be7 7. 0-0 0-0 8. b3 b6 9. Bb2 Bb7 10. Qc2 h6 11. a4 a5 12. Rfe1 c5 13. Rad1 cxd4 14. Nxd4 dxc4 15. Bxc4 Nc5 16. Nxe6 Qb8 17. Nxf8 Bxf8 18. Nd5 Nfd7 19. Bb5 Ne5 20. Qf5 Ng6 21. Nxb6 Be4 22. Qg4 Qxb6 23. Bd4 Qe6 24. Qg3 Nxb3 25. Bb2 Bc2 26. Rc1 Nxc1 27. Rxc1 Qb3 28. Ba1 Be4 29. Qg4 Qa3 30. Rd1 Bc2 31. Re1 Rd8 32. h3 Qb4 33. Rc1 Qxg4 34. hxg4 Bb3 35. Bd4 Bb4 36. Rc6 Bd5 37. Rc7 Be6 38. Bb6 Rd1+ 39. Bf1 Bxg4 40. f3 Be6 41. Bd4 Ne7 42. Kf2 Nd5 43. Rb7 Rd2+ 44. Kg3 Bd6+ 45. f4 Nxf4 46. exf4 Rxd4 47. Bb5 Bxf4+ 48. Kf3 Bd5+ 49. Kg4 Bxb7 50. Kf5 Bd6 51. g4 Bd5 52. g5 Rf4# 0-1

[Event "GER-ch Net Amateur Gr-B Vor3"]
[Site "Playchess.com INT"]
[Date "2020.04.16"]
[Round "7"]
[White "Haubold, Sebastian Marcel"]
[Black "Reinke, Martin"]
[Result "1-0"]
[WhiteElo "1749"]
[BlackElo "1717"]
[PlyCount "53"]
[EventDate "2020.04.16"]
[EventType "swiss (blitz)"]
[EventRounds "9"]
[EventCountry "GER"]
[SourceTitle "CBM 195 Extra"]
[Source "ChessBase"]
[SourceDate "2020.05.31"]
[SourceVersion "1"]
[SourceVersionDate "2020.05.31"]
[SourceQuality "1"]

1. e4 c5 2. Nf3 Nc6 3. d4 cxd4 4. Nxd4 e5 5. Nb5 a6 6. Nd6+ Bxd6 7. Qxd6 Qf6 8. Qc7 Qg6 9. Nc3 Nge7 10. Be3 0-0 11. 0-0-0 b5 12. h4 b4 13. h5 Qg4 14. f3 Qe6 15. Nd5 Nxd5 16. exd5 Qf5 17. dxc6 dxc6 18. Qxc6 Be6 19. Bd3 Qf6 20. Qe4 g6 21. hxg6 hxg6 22. Qh4 Qxh4 23. Rxh4 Rfc8 24. Kb1 a5 25. Rdh1 a4 26. Bg5 Kg7 27. Rh7+ 1-0

[Event "GER-ch Net Amateur Gr-B Vor3"]
[Site "Playchess.com INT"]
[Date "2020.04.16"]
[Round "9"]
[White "May, Alexander"]
[Black "Reinke, Martin"]
[Result "0-1"]
[WhiteElo "1658"]
[BlackElo "1714"]
[PlyCount "168"]
[EventDate "2020.04.16"]
[EventType "swiss (blitz)"]
[EventRounds "9"]
[EventCountry "GER"]
[SourceTitle "CBM 195 Extra"]
[Source "ChessBase"]
[SourceDate "2020.05.31"]
[SourceVersion "1"]
[SourceVersionDate "2020.05.31"]
[SourceQuality "1"]

1. d4 d5 2. Nf3 c6 3. e3 Nf6 4. Bd3 e6 5. Nbd2 Be7 6. b3 0-0 7. Bb2 Nbd7 8. 0-0 b5 9. c4 bxc4 10. bxc4 Ba6 11. Qe2 Qc7 12. c5 Bxd3 13. Qxd3 Rfb8 14. Rab1 Rb5 15. Bc3 Rab8 16. Rxb5 Rxb5 17. Rb1 Rxb1+ 18. Qxb1 h6 19. h3 Qc8 20. Ba5 Qa6 21. Bc3 Bd8 22. Qb3 Bc7 23. Ne1 Qe2 24. Nef3 Qa6 25. Nb1 g6 26. Na3 Kg7 27. Nc2 Qd3 28. Nb4 Qb5 29. g3 Ne4 30. Qb2 Ba5 31. a3 Qc4 32. Be1 Qb5 33. Kg2 g5 34. Qb3 Bxb4 35. axb4 a5 36. Qa3 axb4 37. Qxb4 Qxb4 38. Bxb4 Nef6 39. Ba5 Ne4 40. Bc7 f6 41. Bd8 Kg6 42. g4 Nb8 43. Ne1 Na6 44. Nd3 Nc3 45. Ba5 Nb5 46. Kf3 h5 47. Ke2 h4 48. Kd2 Na3 49. Kc3 Nc4 50. Bb6 f5 51. f3 fxg4 52. fxg4 Kf6 53. Nb4 Nxb4 54. Kxb4 Nxe3 55. Ka5 e5 56. Bd8+ Ke6 57. Bxg5 exd4 58. Kb6 Nxg4 59. Kxc6 Ne5+ 60. Kc7 d3 61. Bd2 Nf3 62. Bg5 d2 63. Bxd2 Nxd2 64. c6 Ne4 65. Kb7 Nd6+ 66. Kb8 d4 67. c7 d3 68. Ka7 d2 69. Kb6 d1Q 70. Kc6 Qc2+ 71. Kb6 Kd7 72. c8Q+ Qxc8 73. Ka5 Kc6 74. Kb4 Qb7+ 75. Kc3 Qb5 76. Kd4 Qd5+ 77. Ke3 Nf5+ 78. Kf4 Nd4 79. Ke3 Qe5+ 80. Kd3 Kd5 81. Kc3 Qe3+ 82. Kb4 Qb3+ 83. Ka5 Kc6 84. Ka6 Qb6# 0-1

[Event "GER-ch Net Amateur Gr-B Vor3"]
[Site "Playchess.com INT"]
[Date "2020.04.16"]
[Round "5"]
[White "Reinke, Martin"]
[Black "Mantu, Eugen"]
[Result "0-1"]
[WhiteElo "1727"]
[BlackElo "1613"]
[PlyCount "42"]
[EventDate "2020.04.16"]
[EventType "swiss (blitz)"]
[EventRounds "9"]
[EventCountry "GER"]
[SourceTitle "CBM 195 Extra"]
[Source "ChessBase"]
[SourceDate "2020.05.31"]
[SourceVersion "1"]
[SourceVersionDate "2020.05.31"]
[SourceQuality "1"]

1. d4 Nf6 2. Nd2 d5 3. Ngf3 g6 4. e3 Bg7 5. c4 c6 6. b3 0-0 7. Bb2 Bg4 8. Be2 e6 9. 0-0 Nbd7 10. h3 Bxf3 11. Nxf3 c5 12. cxd5 Nxd5 13. dxc5 Bxb2 14. Rb1 Bg7 15. b4 a5 16. e4 Nxb4 17. a3 Nc6 18. Rxb7 Nxc5 19. Qxd8 Rfxd8 20. Rb5 Nxe4 21. Rc1 Nd4 0-1

[Event "GER-ch Net Amateur Gr-B Vor3"]
[Site "Playchess.com INT"]
[Date "2020.04.16"]
[Round "6"]
[White "Reinke, Martin"]
[Black "Vieten, Mario"]
[Result "1-0"]
[WhiteElo "1704"]
[BlackElo "1598"]
[PlyCount "97"]
[EventDate "2020.04.16"]
[EventType "swiss (blitz)"]
[EventRounds "9"]
[EventCountry "GER"]
[SourceTitle "CBM 195 Extra"]
[Source "ChessBase"]
[SourceDate "2020.05.31"]
[SourceVersion "1"]
[SourceVersionDate "2020.05.31"]
[SourceQuality "1"]

1. d4 c5 2. dxc5 e6 3. c3 Bxc5 4. b4 Be7 5. Bb2 Bf6 6. e3 Nc6 7. Qc2 d5 8. Nf3 e5 9. a3 e4 10. Nd4 Nxd4 11. cxd4 Bd7 12. Nc3 Rc8 13. Qb3 Ne7 14. Be2 0-0 15. 0-0 Be6 16. Rac1 Qb6 17. Na4 Qd8 18. Nc5 b6 19. Nxe6 fxe6 20. Ba6 Rxc1 21. Rxc1 Qd7 22. Qc2 Kf7 23. Qc7 Rd8 24. Qc2 g6 25. b5 Qd6 26. a4 Nf5 27. Qc7+ Rd7 28. Qxd6 Nxd6 29. Rc6 Nc4 30. Bc3 Bd8 31. Bc8 Rc7 32. Bxe6+ Ke7 33. Rxc7+ Bxc7 34. Bxd5 Nd6 35. Bb4 Kf6 36. Bxd6 Bxd6 37. Bxe4 Bb4 38. f4 Bd2 39. Kf2 Ke6 40. Kf3 Bb4 41. g4 Bd2 42. h3 Bb4 43. Bc6 Kd6 44. e4 Bc3 45. e5+ Ke6 46. Ke4 Be1 47. f5+ gxf5+ 48. gxf5+ Ke7 49. d5 1-0

[Event "Schleswig-Holstein-ch Kandidaten"]
[Site "Bad Segeberg"]
[Date "2018.03.29"]
[Round "9"]
[White "Gombert, Reiner"]
[Black "Reinke, Martin"]
[Result "1/2-1/2"]
[WhiteElo "1922"]
[BlackElo "1864"]
[PlyCount "21"]
[EventDate "2018.03.24"]
[EventType "swiss"]
[EventRounds "9"]
[EventCountry "GER"]
[SourceTitle "EXT 2023"]
[Source "ChessBase"]
[SourceDate "2022.10.05"]
[SourceVersion "1"]
[SourceVersionDate "2022.10.05"]
[SourceQuality "1"]

1. Nf3 d5 2. d4 Nf6 3. c4 c6 4. g3 Bf5 5. Qb3 Qb6 6. Bg2 e6 7. 0-0 Be7 8. Nc3 Nbd7 9. Qxb6 Nxb6 10. cxd5 exd5 11. Bg5 1/2-1/2

[Event "Schleswig-Holstein-ch Kandidaten"]
[Site "Bad Segeberg"]
[Date "2018.03.28"]
[Round "7"]
[White "Reinke, Martin"]
[Black "Kollhoff, Josef"]
[Result "1-0"]
[WhiteElo "1864"]
[BlackElo "1869"]
[PlyCount "159"]
[EventDate "2018.03.24"]
[EventType "swiss"]
[EventRounds "9"]
[EventCountry "GER"]
[SourceTitle "EXT 2023"]
[Source "ChessBase"]
[SourceDate "2022.10.05"]
[SourceVersion "1"]
[SourceVersionDate "2022.10.05"]
[SourceQuality "1"]

1. d4 d5 2. Nf3 Nf6 3. e3 c6 4. c4 a6 5. Nbd2 Bf5 6. b4 dxc4 7. Bxc4 e6 8. Qb3 Nbd7 9. Nh4 Bg6 10. Nxg6 hxg6 11. Bb2 Nb6 12. e4 Nxc4 13. Qxc4 Qb6 14. Bc3 Qb5 15. Qxb5 axb5 16. a3 Rh4 17. f3 Bd6 18. h3 Bg3+ 19. Kd1 Nh5 20. Nf1 f5 21. Nxg3 Nxg3 22. Be1 f4 23. Bxg3 fxg3 24. Ke2 g5 25. Ke3 Ke7 26. Rhc1 Kf6 27. Rc2 Ra6 28. Rca2 Rh8 29. a4 bxa4 30. Rxa4 Rb6 31. Rb1 Rd8 32. Ra5 Rc8 33. Rb2 Rc7 34. Kd3 Rc8 35. Kc4 Rc7 36. Kc5 Rb5+ 37. Kd6 Rc8 38. Kd7 Rf8 39. Rxb5 cxb5 40. Ra2 Rf7+ 41. Kd6 Rf8 42. Kc7 Rf7+ 43. Kb6 Rd7 44. Rd2 Ke7 45. Kxb5 Rd6 46. d5 e5 47. Ra2 Kd7 48. Ra8 Rf6 49. Kc4 Rf7 50. Kc5 Rf6 51. b5 b6+ 52. Kc4 g6 53. Kd3 Kc7 54. Ke3 Kd7 55. Rg8 Kc7 56. Re8 Kd6 57. Rc8 Kd7 58. Rc6 Ke7 59. Ke2 Rd6 60. Kd3 Rf6 61. Kc4 Rd6 62. Kc3 Rf6 63. Kb4 Rd6 64. Kc4 Kd7 65. Kd3 Ke7 66. Rc7+ Ke8 67. Kc4 Kd8 68. Rg7 Rf6 69. Ra7 Rd6 70. Kd3 Ke8 71. Ke3 Rf6 72. Rh7 Rf4 73. d6 Rf6 74. Re7+ Kf8 75. Rxe5 Rxd6 76. Rxg5 Kf7 77. Kf4 Rd2 78. Kxg3 Kf6 79. Rd5 Rb2 80. Rd6+ 1-0

[Event "Schleswig-Holstein-ch Kandidaten"]
[Site "Bad Segeberg"]
[Date "2018.03.24"]
[Round "1"]
[White "Reinke, Martin"]
[Black "Behringer, Tom"]
[Result "0-1"]
[WhiteElo "1864"]
[BlackElo "1759"]
[PlyCount "76"]
[EventDate "2018.03.24"]
[EventType "swiss"]
[EventRounds "9"]
[EventCountry "GER"]
[SourceTitle "EXT 2023"]
[Source "ChessBase"]
[SourceDate "2022.10.05"]
[SourceVersion "1"]
[SourceVersionDate "2022.10.05"]
[SourceQuality "1"]

1. d4 Nf6 2. Nf3 d5 3. Nbd2 c5 4. e3 Nc6 5. c4 e6 6. b3 cxd4 7. exd4 Bb4 8. Bb2 Ne4 9. a3 Nxd2 10. Nxd2 Bd6 11. g3 0-0 12. Bg2 e5 13. cxd5 Nxd4 14. 0-0 Bf5 15. Ne4 Bxe4 16. Bxe4 Qb6 17. b4 f5 18. Bg2 f4 19. Bxd4 exd4 20. Bh3 a5 21. Be6+ Kh8 22. bxa5 Rxa5 23. a4 Be5 24. Qd3 Rfa8 25. Rfc1 Rc5 26. Qf5 Rxc1+ 27. Rxc1 Qd6 28. Rc8+ Rxc8 29. Bxc8 b6 30. Bb7 g6 31. Qf7 d3 32. Qe8+ Kg7 33. Qc8 fxg3 34. hxg3 d2 35. Qc2 Qb4 36. Ba6 Qc3 37. Bd3 Qa1+ 38. Kg2 d1Q 0-1

[Event "Schleswig Holstein-ch Kandidaten"]
[Site "Schleswig Holstein"]
[Date "2012.06.??"]
[Round "5"]
[White "Reinke, Martin"]
[Black "Gosch, Stefan"]
[Result "1/2-1/2"]
[WhiteElo "1879"]
[BlackElo "1975"]
[PlyCount "39"]
[EventDate "2012.06.05"]
[EventType "swiss"]
[EventRounds "9"]
[EventCountry "GER"]
[SourceTitle "EXT 2022"]
[Source "ChessBase"]
[SourceDate "2021.10.06"]
[SourceVersion "1"]
[SourceVersionDate "2021.10.06"]
[SourceQuality "1"]

1. d4 Nf6 2. c4 c5 3. d5 e5 4. Nc3 d6 5. e4 Be7 6. Bd3 0-0 7. Nge2 Ne8 8. Qc2 a6 9. a4 b6 10. 0-0 g6 11. Ng3 Ng7 12. f4 exf4 13. Bxf4 Bg5 14. Qd2 Bxf4 15. Qxf4 Qe7 16. Rf2 Nd7 17. b3 Ne5 18. Bc2 Ng4 19. Rf3 Ne5 20. Rf2 1/2-1/2

[Event "Schleswig Holstein-ch Kandidaten"]
[Site "Schleswig Holstein"]
[Date "2012.06.??"]
[Round "7"]
[White "Reinke, Martin"]
[Black "Heinemann, Guido"]
[Result "0-1"]
[WhiteElo "1879"]
[BlackElo "1885"]
[PlyCount "100"]
[EventDate "2012.06.05"]
[EventType "swiss"]
[EventRounds "9"]
[EventCountry "GER"]
[SourceTitle "EXT 2022"]
[Source "ChessBase"]
[SourceDate "2021.10.06"]
[SourceVersion "1"]
[SourceVersionDate "2021.10.06"]
[SourceQuality "1"]

1. d4 d5 2. c4 e6 3. e3 Nf6 4. a3 Nbd7 5. b4 Be7 6. Bb2 0-0 7. Nf3 Ne4 8. Nbd2 a5 9. b5 c6 10. c5 Ndf6 11. Ne5 Nxd2 12. Qxd2 Ne4 13. Qc2 f6 14. Nf3 a4 15. Bd3 Qa5+ 16. Nd2 f5 17. b6 Qxd2+ 18. Qxd2 Nxd2 19. Kxd2 f4 20. Rhf1 Bd7 21. Rac1 Rf7 22. Rc2 Bg5 23. Bc1 Raf8 24. Ke1 f3 25. gxf3 Rxf3 26. Re2 Bh4 27. Bc2 e5 28. Bxa4 Bh3 29. Bxc6 bxc6 30. a4 Bxf1 31. Kxf1 Rxf2+ 32. Rxf2 Rxf2+ 33. Kg1 Rc2 34. Ba3 Rc3 35. Bb4 Rb3 36. a5 exd4 37. exd4 Bf6 38. a6 Bxd4+ 39. Kf1 Rb1+ 40. Ke2 Be5 41. a7 Ra1 42. Bc3 Ra2+ 43. Kf3 Bxh2 44. Kg4 Kf7 45. Kf5 g6+ 46. Kg5 Ke6 47. Kh6 Kd7 48. Kxh7 Kc8 49. Kxg6 Kb7 50. Kf5 Bg1 0-1

[Event "Schleswig Holstein-ch cand 64th"]
[Site "Altenholz"]
[Date "2009.04.07"]
[Round "5"]
[White "Delfs, Jan Peter"]
[Black "Reinke, Martin"]
[Result "0-1"]
[WhiteElo "2032"]
[BlackElo "1872"]
[PlyCount "140"]
[EventDate "2009.04.04"]
[EventType "swiss"]
[EventRounds "9"]
[EventCountry "GER"]
[SourceTitle "CBM 129 Extra"]
[Source "ChessBase"]
[SourceDate "2009.05.05"]
[SourceVersion "2"]
[SourceVersionDate "2009.05.20"]
[SourceQuality "1"]

1. e4 c5 2. Nf3 d6 3. d4 cxd4 4. c3 dxc3 5. Nxc3 Nc6 6. Bc4 g6 7. Bg5 Bg7 8. 0-0 Nf6 9. Qe2 0-0 10. Rfd1 Nd7 11. Rxd6 h6 12. Rxg6 hxg5 13. Rd1 e6 14. Nxg5 fxg6 15. Bxe6+ Kh8 16. Qg4 Bh6 17. Nf7+ Rxf7 18. Bxf7 Qf6 19. Qh3 Qxf7 20. Qxh6+ Qh7 21. Qf4 Nce5 22. Nd5 Qf7 23. Qh4+ Kg7 24. f4 Nc6 25. Ne3 Nf6 26. f5 Qe7 27. Qg3 Qf7 28. Rd6 Nxe4 29. Rxg6+ Kf8 30. Qh4 Ne7 31. Qh6+ Ke8 32. Qh8+ Qf8 33. Qe5 Kd8 34. Rg4 Nf6 35. Rd4+ Nd7 36. Qd6 Qf7 37. g4 Ke8 38. g5 Nxf5 39. Re4+ Kd8 40. Nxf5 Qxf5 41. Qe7+ Kc7 42. Rc4+ Kb6 43. Qd6+ Kb5 44. Rd4 Qxg5+ 45. Kf2 Qf5+ 46. Kg2 Qg5+ 47. Kh1 Qc1+ 48. Kg2 Qxb2+ 49. Kf3 Qc3+ 50. Ke2 Qc2+ 51. Ke3 Nc5 52. a4+ Ka5 53. Rd5 Qc3+ 54. Kf2 b6 55. Qc6 Ba6 56. Qxa8 Qc2+ 57. Kg3 Qxa4 58. h4 Qb3+ 59. Kf4 Qc4+ 60. Kg5 Qc1+ 61. Kf6 Qf4+ 62. Kg7 Qg4+ 63. Kf8 Qxh4 64. Kg7 Qg4+ 65. Kh6 Qe6+ 66. Kg7 Kb4 67. Qd8 Bc4 68. Rd1 Qe5+ 69. Kh6 Qf4+ 70. Kg7 Ne6+ 0-1

[Event "GER-ch U25"]
[Site "Willingen"]
[Date "2005.05.17"]
[Round "5"]
[White "Reinke, Martin"]
[Black "Koksch, Florian"]
[Result "0-1"]
[WhiteElo "1574"]
[BlackElo "1899"]
[PlyCount "43"]
[EventDate "2005.05.14"]
[EventType "swiss"]
[EventRounds "9"]
[EventCountry "GER"]
[SourceTitle "CBM 106 Extra"]
[Source "ChessBase"]
[SourceDate "2005.07.01"]
[SourceVersion "1"]
[SourceVersionDate "2005.07.01"]
[SourceQuality "1"]

1. d4 d5 2. c4 e6 3. Nf3 Nf6 4. e3 c5 5. b3 Nc6 6. Nbd2 cxd4 7. exd4 dxc4 8. Nxc4 Be7 9. Bb2 0-0 10. Bd3 a6 11. 0-0 b5 12. Nce5 Nxe5 13. dxe5 Nd5 14. Be4 Bb7 15. Qd3 h6 16. Rfd1 Rc8 17. Rac1 Rxc1 18. Bxc1 Qa5 19. Nd4 Qxa2 20. Qg3 Kh8 21. Nxe6 fxe6 22. Qg6 0-1

[Event "GER-ch U25"]
[Site "Willingen"]
[Date "2005.05.14"]
[Round "1"]
[White "Reinke, Martin"]
[Black "Herzog, Matthias"]
[Result "1/2-1/2"]
[WhiteElo "1574"]
[BlackElo "2035"]
[PlyCount "43"]
[EventDate "2005.05.14"]
[EventType "swiss"]
[EventRounds "9"]
[EventCountry "GER"]
[SourceTitle "CBM 106 Extra"]
[Source "ChessBase"]
[SourceDate "2005.07.01"]
[SourceVersion "1"]
[SourceVersionDate "2005.07.01"]
[SourceQuality "1"]

1. d4 Nf6 2. c4 c5 3. e3 e6 4. Nf3 b6 5. Be2 Bb7 6. 0-0 Be7 7. dxc5 bxc5 8. b3 0-0 9. Bb2 d6 10. Nc3 Nbd7 11. Qc2 Re8 12. Rad1 a6 13. Nd2 Ne5 14. Nce4 Qc7 15. Bxe5 dxe5 16. Nxf6+ Bxf6 17. Bf3 Be7 18. Bxb7 Qxb7 19. Qe4 Qxe4 20. Nxe4 Red8 21. f3 f5 22. Nc3 1/2-1/2

[Event "GER-ch U25 op"]
[Site "Willingen"]
[Date "2004.06.01"]
[Round "5"]
[White "Reinke, Martin"]
[Black "Alic, Miran"]
[Result "0-1"]
[WhiteElo "1498"]
[BlackElo "2052"]
[PlyCount "68"]
[EventDate "2004.05.30"]
[EventType "swiss"]
[EventRounds "9"]
[EventCountry "GER"]
[SourceTitle "EXT 2005"]
[Source "ChessBase"]
[SourceDate "2004.11.15"]
[SourceVersion "1"]
[SourceVersionDate "2004.11.15"]
[SourceQuality "1"]

1. d4 c5 2. dxc5 e6 3. e4 Bxc5 4. Nf3 Nf6 5. Bd3 Nc6 6. Bg5 Qb6 7. 0-0 Ng4 8. Bh4 Qxb2 9. Nbd2 Nge5 10. Nb3 Bb6 11. Kh1 Ng6 12. Bg3 0-0 13. Bd6 Re8 14. Nbd2 Qf6 15. Nc4 e5 16. Nxb6 axb6 17. Bc7 Nb4 18. Qb1 Nxd3 19. cxd3 Re6 20. Qb2 d6 21. Bxb6 d5 22. Be3 Qd8 23. exd5 Qxd5 24. Qb3 Rd6 25. Qxd5 Rxd5 26. d4 e4 27. Nd2 f5 28. f4 Rda5 29. Rfc1 Be6 30. Rc2 Ra3 31. Re1 Ne7 32. Nb3 Bxb3 33. axb3 Rxb3 34. Rc5 Rxe3 0-1